000 00303nam a22001337a 4500
008 171003b xxu||||| |||| 00| 0 eng d
020 _a0080170897
041 _aeng
080 _22ND
_a159.9
100 _a48
101 _aPSI
245 _aTHE PRACTICE OF BEHAVIOR THERAPY
_cWOLPE.J
942 _2udc
_cBK
999 _c31372
_d31372